000 00348nam a2200145Ia 4500
008 191201s2012 xx 000 0 und d
082 _a005.73
_bLID
100 _aLIPSCHUTZ, Seymour
245 0 _aData structures
250 _aRep
260 _aN.Delhi
_bTata mc Graw Hill
_c2012
300 _amisc.
650 _aB.Tech(CSE)
942 _2ddc
_cBK
_021
999 _c5672
_d5672